00466nam a2200181 a 4500001001300000003000900013005001700022008004100039020001000080082001700090100002100107245002600128260004100154300000900195500003500204505001000239650003500249nice12345678IN_TiNIC20260116013354.0050524s1939 lona grp 000 0 eng  ac43700a291.042bSCH aSchmidt, Wilhelm aPrimitive Revelation. aLondonbB. Herder Book Companyc1939 a309p aincludes index and biblioraphy2 aIndex aComparative Religion-Primitive